Guía para progresar como corredor
Gorde:
| Egile Nagusiak: | , |
|---|---|
| Formatua: | Liburua |
| Hizkuntza: | gaztelania |
| Argitaratua: |
Barcelona
Paidotribo
2001
|
| Edizioa: | 1a. ed |
| Gaiak: | |
| Etiketak: |
Etiketa erantsi
Etiketarik gabe, Izan zaitez lehena erregistro honi etiketa jartzen!
|
MARC
| LEADER | 00000nam a2200000 a 4500 | ||
|---|---|---|---|
| 001 | UCG3313 | ||
| 003 | CL-VaPUC | ||
| 008 | 100819e20010000SP |||||||||||||||||spa|d | ||
| 020 | |a 8480195533 | ||
| 082 | 0 | 4 | |a 796.42 |b BAK |2 21 |
| 100 | 0 | |a Bakoulis, Gordon |e author |9 552339 | |
| 700 | 0 | |a Karu, Candace |e author |9 552340 | |
| 245 | 1 | 0 | |a Guía para progresar como corredor |
| 250 | |a 1a. ed | ||
| 300 | |a 475 p | ||
| 942 | |c BK | ||
| 945 | |d 20100819 00:00:00 |a mfarfan | ||
| 260 | |a Barcelona |b Paidotribo |c 2001 | ||
| 650 | 0 | |a Atletismo |9 307422 | |
| 650 | 7 | |a ENTRENAMIENTO ATLETICO |2 CL-VaPUC |9 552341 | |
| 650 | 0 | |a Actividad física |9 362156 | |
| 650 | 7 | |a DEPORTE |2 CL-VaPUC |9 552342 | |
| 583 | |a last modification |c 20100819 00:00:00 |k Rodrigo Vera | ||
| 999 | |c 342383 |d 342381 | ||
| 952 | |0 0 |1 0 |4 0 |6 796_420000000000000_BAK_2001 |7 0 |8 C |9 438547 |a BIBCUR |b BIBCUR |d 2019-11-22 |i 4708369 |l 2 |o 796.42 BAK 2001 |p 4708369 |r 2025-04-22 |s 2023-05-12 |w 2019-11-22 |y BK |k DEN | ||